Globálne rozvojové vzdelávanie - súčasťrozvoja ľudských zdrojov

Definícia pojmu globálneho vzdelávania. Globálne (rozvojové) vzdelávanie. Charakteristika a história rozvojového vzdelávania. Globálne/ rozvojové/ vzdelávanie v EÚ. Ciele a princípy globálneho/ rozvojového/ vzdelávania.

Saved in:
Bibliographic Details
Main Author: Petrufová, Mária
Format: Book Chapter
Language:Slovak
Subjects:
Tags: Add Tag
No Tags, Be the first to tag this record!

MARC

LEADER 00000naa a2200000 4500
001 0179731
005 20220718121057.3
041 0 |a slo 
044 |a SK 
245 1 0 |a Globálne rozvojové vzdelávanie - súčasťrozvoja ľudských zdrojov  |c Mária Petrufová 
520 |a Definícia pojmu globálneho vzdelávania. Globálne (rozvojové) vzdelávanie. Charakteristika a história rozvojového vzdelávania. Globálne/ rozvojové/ vzdelávanie v EÚ. Ciele a princípy globálneho/ rozvojového/ vzdelávania. 
610 2 0 |a zdroje ľudské 
610 2 0 |a vzdelávanie 
610 2 0 |a školy vysoké 
610 2 0 |a Slovensko 
610 2 0 |a Európska únia 
610 2 0 |a politika vzdelávania 
100 1 |a Petrufová, Mária